|
|
|
|
| LEADER |
00000cam a2200000 i 4500 |
| 001 |
1/20754 |
| 008 |
930831s1991 eng d |
| 020 |
|
|
|a 0256034516
|
| 035 |
|
|
|l 10021603
|
| 040 |
|
|
|a GR-MY-UA
|b gre
|e aacr
|
| 041 |
0 |
|
|a eng
|
| 082 |
0 |
|
|a 332.1/2/0685
|2 (20)
|
| 100 |
1 |
|
|a Rose, Peter S.
|
| 245 |
1 |
0 |
|a Commercial bank management :
|b producing and selling financial services /
|c Peter S. Rose
|
| 260 |
|
|
|a Homewood, IL :
|b IRWIN,
|c c1991
|
| 300 |
|
|
|a xxv, 677 p.;
|c 25 cm
|
| 504 |
|
|
|a Includes bibliographical references and index
|
| 650 |
0 |
0 |
|a Bank management.
|
| 650 |
0 |
0 |
|a Financial services industry
|x Management.
|
| 852 |
|
|
|a INST
|b CHIOS
|e 19930831
|h 332.120685 ROS
|p 005200011488
|q 005200011488
|t BK
|y 0
|
| 909 |
|
|
|a Χ
|b 024881
|